Vargueño de saudades

Kaydedildi:
Detaylı Bibliyografya
Yazar: López Prudencio, J.
Materyal Türü: Kitap
Dil:Undetermined
Baskı/Yayın Bilgisi: Madrid, España Clásica Española 1923
Konular:
Etiketler: Etiketle
Etiket eklenmemiş, İlk siz ekleyin!

MARC

LEADER 00000nam a2200000Ia 4500
008 170316s9999 xx 000 0 und d
040 |a cru BVZT 
090 |a 862 L-24v 
100 |a López Prudencio, J. 
245 |a Vargueño de saudades 
260 |a Madrid, España 
260 |b Clásica Española 
260 |c 1923 
300 |a 282 páginas 
650 |a LITERATURA ESPAÑOLA 
999 |c 10072  |d 10072 
942 |c 15 D  |h 862 L-24v  |2 z